Normal view
MARC view
- Aamir Gulistan
Entry Personal Name
001 - CONTROL NUMBER
- control field: 98876
003 - CONTROL NUMBER IDENTIFIER
- control field: NUST
005 - DATE AND TIME OF LATEST TRANSACTION
- control field: 20220909103448.0
008 - FIXED-LENGTH DATA ELEMENTS
- fixed length control field: 220909|| aca||aabn | a|a d
040 ## - CATALOGING SOURCE
- Original cataloging agency: NUST
- Transcribing agency: NUST
100 ## - HEADING--PERSONAL NAME
- Personal name: Aamir Gulistan
670 ## - SOURCE DATA FOUND
- Source citation: Work cat.: (NUST)13148: Aamir Gulistan, Self-Phase modulation based multiple carrier generation for radio over fiber duplex baseband communication, 2014
